000 00302nam a22001217a 4500
020 _a9789380235387
082 _a631.587
_bPAN/IR
100 _aPanigrahi,Balram
_9652
245 _aIrrigation Systems Engineering
260 _aNew Delhi
_bNew India Publishing Agency
_c2011
300 _a325
942 _cBK
999 _c14403
_d14403